Online Catalogue and eLibrary

Norplant : (Record no. 3016)

MARC details
000 -LEADER
fixed length control field 00840nam a2200181Ia 4500
005 - DATE AND TIME OF LATEST TRANSACTION
control field 20240905031628.0
008 - FIXED-LENGTH DATA ELEMENTS--GENERAL INFORMATION
fixed length control field 240331s9999 xx 000 0 und d
020 ## - INTERNATIONAL STANDARD BOOK NUMBER
ISBN 9051662998
082 ## - DDC Classification
Item Number - Author Mark NOR
Class No. 613.042
245 #0 - TITLE STATEMENT
Title Norplant :
Remainder of title under her skin
260 ## - PUBLICATION, DISTRIBUTION, ETC.
Place of publication, distribution, etc. Amsterdam
Name of publisher, distributor, etc. Women's Health Action Foundation
Date of publication, distribution, etc. 1993
300 ## - PHYSICAL DESCRIPTION
Extent (e.g. Volumes, Pages etc.) 126 p .,
500 ## - GENERAL NOTE
General note Under her skin describe the use of Norplant. a new long-acting contraceptive, in Indonesia, Finland, Thailand , Brazil and Egypt. A review of international acceptability studies is also included. Norplant consists of six hormone- releasing rods implanted under the skin of a woman's arm and is effective for five years. minor surgery is needed for insertion and removal.
700 ## - ADDED ENTRY--PERSONAL NAME
Personal name Mintzes, B.
Relator term (Role) Editor
700 ## - ADDED ENTRY--PERSONAL NAME
Personal name Hardon, Anita
Relator term (Role) Editor
700 ## - ADDED ENTRY--PERSONAL NAME
Personal name Hanhart, Jennemieke
Relator term (Role) Editor
942 ## - Koha item type (Biblio)
Koha item type Books in Stacks (Lending)
Holdings
Lost status Damaged status Collection code Home library Current library Shelving location Date acquired Full call number Accession Number Item type
    Lending WERC Library WERC Library Social Science Cupboard 03/31/2024 613 NOR 3626 Books in Stacks (Lending)

© WERC Library